ARRUPE JESUIT UNIVERSITY

CORONAVIRUS -STOP THE SPREAD - CLEAN,DISINFECT,COVER

The Routledge guidebook to Aristotle's Nicomachean ethics / (Record no. 128065)

MARC details
000 -LEADER
fixed length control field 01183cam a2200301 a 4500
001 - CONTROL NUMBER
control field 17322747
003 - CONTROL NUMBER IDENTIFIER
control field ARRUPE
005 - DATE AND TIME OF LATEST TRANSACTION
control field 20180903090443.0
008 - FIXED-LENGTH DATA ELEMENTS--GENERAL INFORMATION
fixed length control field 120529s2013 enk b 001 0 eng
010 ## - LIBRARY OF CONGRESS CONTROL NUMBER
LC control number 2012017794
020 ## - INTERNATIONAL STANDARD BOOK NUMBER
International Standard Book Number 9780415663847 (hardback : alk. paper)
020 ## - INTERNATIONAL STANDARD BOOK NUMBER
International Standard Book Number 9780415663854 (pbk. : alk. paper)
020 ## - INTERNATIONAL STANDARD BOOK NUMBER
International Standard Book Number 9780203082782 (ebook)
040 ## - CATALOGING SOURCE
Original cataloging agency DLC
Transcribing agency DLC
Modifying agency DLC
042 ## - AUTHENTICATION CODE
Authentication code pcc
050 00 - LIBRARY OF CONGRESS CALL NUMBER
Classification number B430
Item number .H835 2013
082 00 - DEWEY DECIMAL CLASSIFICATION NUMBER
Classification number 171/.3
Edition number 23
300 ## - PHYSICAL DESCRIPTION
Dimensions 21 cm.
100 1# - MAIN ENTRY--PERSONAL NAME
Personal name Hughes, Gerard J.
9 (RLIN) 41881
245 14 - TITLE STATEMENT
Title The Routledge guidebook to Aristotle's Nicomachean ethics /
Statement of responsibility, etc Gerard J. Hughes.
246 30 - VARYING FORM OF TITLE
Title proper/short title Guide book to Aristotle's Nicomachean ethics
260 ## - PUBLICATION, DISTRIBUTION, ETC. (IMPRINT)
Place of publication, distribution, etc London ;
-- New York :
Name of publisher, distributor, etc Routledge,
Date of publication, distribution, etc 2013.
300 ## - PHYSICAL DESCRIPTION
Extent x, 272 p. ;
490 0# - SERIES STATEMENT
Series statement The Routledge guides to the great books
504 ## - BIBLIOGRAPHY, ETC. NOTE
Bibliography, etc Includes bibliographical references (p. [245]-263) and index.
600 00 - SUBJECT ADDED ENTRY--PERSONAL NAME
Personal name Aristotle.
Title of a work Nicomachean ethics.
9 (RLIN) 2950
650 #0 - SUBJECT ADDED ENTRY--TOPICAL TERM
Topical term or geographic name as entry element Ethics.
9 (RLIN) 41882
906 ## - LOCAL DATA ELEMENT F, LDF (RLIN)
a 7
b cbc
c orignew
d 1
e ecip
f 20
g y-gencatlg
942 ## - ADDED ENTRY ELEMENTS (KOHA)
Source of classification or shelving scheme Library of Congress Classification
Koha item type Monograph ( Printed materials)
Holdings
Withdrawn status Lost status Source of classification or shelving scheme Damaged status Not for loan Home library Current library Date acquired Total Checkouts Full call number Barcode Date last seen Date checked out Price effective from Koha item type
    Library of Congress Classification     ARRUPE LIBRARY ARRUPE LIBRARY 03/09/2018 12 B430 .H835 2013 46600002194 23/12/2025 14/01/2025 03/09/2018 Monograph ( Printed materials)

 

Arrupe Library. PO Box MP320 Mt Pleasant, Harare, Zimbabwe
263 242 745411|librarian@aju.ac.zw